000 00738nam a2200241 a 4500
001 59151
003 BD-RjUL
005 20211209080711.0
008 161221s1961 nyu | 001 0 eng
035 _a(BD-RjUL)59275
040 _aLC
_beng
_cLC
_dANL:NR
041 _aeng
082 0 4 _a341
_223
_bKAP 1961
100 1 _aKaplan, Morton A.
_9175887
245 1 4 _aThe political foundations of international law /
_cMorton A. Kaplan and Nicholas deB. Katzenbach.
260 _aNew York :
_bJohn Wiley & Sons, Inc.,
_cc1961.
300 _axi, 372 p. ;
_c24 cm.
500 _aIncludes index.
650 0 _aInternational law.
_9173305
650 0 _aWorld politics.
_9172417
700 1 _aKatzenbach, Nicholas deB.
_9175888
942 _2ddc
_cBK
999 _c59151
_d59151